| 000 | 00728nam a2200253Ia 4500 | ||
|---|---|---|---|
| 003 | OSt | ||
| 005 | 20220926010405.0 | ||
| 006 | a|||||r|||| 00| 0 | ||
| 007 | ta | ||
| 008 | 220923b |||||||| |||| 00| 0 eng d | ||
| 020 | _a0852264654 | ||
| 037 | _cGeneral Book | ||
| 040 |
_aRTL _cRTL _beng |
||
| 041 |
_2eng _aeng |
||
| 082 | _aY48-31.243.N6, L2 | ||
| 100 |
_aMehta Shiv Rattan _9135309 |
||
| 245 | 0 | _aEmerging pattern of rural leadership | |
| 260 |
_a New Delhi _bWiley Eastern _c1972 |
||
| 300 |
_axii, 157p _ccm. |
||
| 500 | _aBibliography: P 151-53; Appendixes: P 144-50 | ||
| 650 | _aElites | ||
| 942 |
_hY48-31.243.N6, L2 _cGB _2CC |
||
| 999 |
_c617170 _d617170 |
||